| 000 | 00542nam a22002057a 4500 | ||
|---|---|---|---|
| 008 | 131129b xxu||||| |||| 00| 0 ger d | ||
| 020 | _a3708301307 | ||
| 041 | 0 | _ager | |
| 080 |
_a351.756 _x(436) _x(094.5) |
||
| 100 | 1 | _aEmbacher, Wilfried | |
| 245 | 1 | 0 | _aFrG : |
| 260 |
_aWien : _bNWV verlag ; _c2003. |
||
| 300 |
_a294 f. : _c22 cm. |
||
| 500 | _aVorwort : f. 3 | ||
| 505 | _aLiteraturubersicht : f. 291 | ||
| 650 | 0 | _aAdministrata publike | |
| 650 | 0 | _aQeverija | |
| 700 | 1 | _aLepschi, Andreas | |
| 942 |
_2udc _cBK |
||
| 999 |
_c381 _d381 |
||